[Event "Porto San Giorgio Weekend-B 15th"]
[Site "Porto San Giorgio"]
[Date "2012.11.25"]
[Round "5"]
[White "Marvulli, Michele"]
[Black "Fornelli, Marco"]
[Result "0-1"]
[WhiteElo "1443"]
[BlackElo "1618"]
[PlyCount "106"]
[EventDate "2012.11.17"]
[EventType "swiss"]
[EventRounds "6"]
[EventCountry "ITA"]
[SourceTitle "EXT 2024"]
[Source "ChessBase"]
[SourceDate "2023.10.10"]
[SourceVersion "1"]
[SourceVersionDate "2023.10.10"]
[SourceQuality "1"]

1. e4 b6 2. d4 Bb7 3. Bd3 g6 4. Nc3 Bg7 5. Be3 e6 6. Qd2 h6 7. f3 d6 8. h4 Ne7 9. 0-0-0 Nd7 10. Kb1 a6 11. g4 c5 12. d5 e5 13. g5 h5 14. f4 exf4 15. Bxf4 Ne5 16. Bxe5 Bxe5 17. Nf3 Bg7 18. Bf1 Bc8 19. Bh3 Bxh3 20. Rxh3 Qd7 21. Rg3 0-0-0 22. Qe2 Kb7 23. e5 dxe5 24. Nxe5 Qf5 25. Nc6 Nxc6 26. dxc6+ Kxc6 27. Rf1 Qd7 28. Qf3+ Kc7 29. Qxf7 Qxf7 30. Rxf7+ Rd7 31. Nd5+ Kc6 32. Rxd7 Kxd7 33. Nxb6+ Kc6 34. Nc4 Rd8 35. Rd3 Rxd3 36. cxd3 Kd5 37. Kc2 Bd4 38. Nd2 Ke5 39. a3 Kf4 40. b4 Kg4 41. Kb3 Kxh4 42. Kc4 Be3 43. Ne4 Kg4 44. bxc5 h4 45. c6 Bb6 46. d4 Kf3 47. Kd3 h3 48. Nd2+ Kg2 49. Nc4 h2 50. Nxb6 h1Q 51. c7 Qd1+ 52. Ke4 Qc2+ 53. Ke5 Qxc7+ 0-1

[Event "Porto San Giorgio Weekend-B 15th"]
[Site "Porto San Giorgio"]
[Date "2012.11.18"]
[Round "2"]
[White "Vannicola, Roberto"]
[Black "Fornelli, Marco"]
[Result "1-0"]
[WhiteElo "1496"]
[BlackElo "1618"]
[PlyCount "117"]
[EventDate "2012.11.17"]
[EventType "swiss"]
[EventRounds "6"]
[EventCountry "ITA"]
[SourceTitle "EXT 2024"]
[Source "ChessBase"]
[SourceDate "2023.10.10"]
[SourceVersion "1"]
[SourceVersionDate "2023.10.10"]
[SourceQuality "1"]

1. c4 b6 2. Nc3 Bb7 3. e4 c5 4. g3 Nc6 5. Nf3 g6 6. Bg2 Bg7 7. d3 e6 8. 0-0 a6 9. a3 Nge7 10. Rb1 0-0 11. Na2 d5 12. Qe2 d4 13. Bd2 e5 14. b4 Qc7 15. bxc5 bxc5 16. Rb3 Rab8 17. Rfb1 Ba8 18. Be1 Rxb3 19. Rxb3 Rb8 20. Qb2 Rxb3 21. Qxb3 Qb7 22. Qxb7 Bxb7 23. Nc1 Nc8 24. Nb3 Bf8 25. Na5 Nxa5 26. Bxa5 f6 27. Ne1 Bc6 28. Bh3 Nd6 29. Bc7 Kf7 30. Bg2 f5 31. exf5 Bxg2 32. fxg6+ hxg6 33. Kxg2 Ke6 34. Bxd6 Bxd6 35. Kf3 g5 36. g4 Be7 37. Ke4 Bd8 38. Nf3 Bf6 39. Nd2 Bd8 40. Nb3 Bb6 41. Kf3 Kd6 42. Kg3 Bd8 43. Nd2 Be7 44. Nf3 Ke6 45. Nd2 Kd6 46. Kf3 Kd7 47. Ke4 Ke6 48. Nf3 Bf6 49. h3 Bd8 50. Nxe5 Bc7 51. Nf3 Bd8 52. Ng1 Bc7 53. Ne2 Bh2 54. f4 gxf4 55. Nxf4+ Kf6 56. h4 Bg3 57. g5+ Ke7 58. Kf5 Kf7 59. g6+ 1-0

[Event "Fermo Province-ch"]
[Site "Porto Sant Elpidio"]
[Date "2011.01.23"]
[Round "2"]
[White "Silvestri, Giorgio"]
[Black "Fornelli, Marco"]
[Result "1-0"]
[WhiteElo "1749"]
[BlackElo "1609"]
[PlyCount "67"]
[EventDate "2011.01.22"]
[EventType "swiss"]
[EventRounds "6"]
[EventCountry "ITA"]
[SourceTitle "EXT 2012"]
[Source "ChessBase"]
[SourceDate "2011.11.24"]
[SourceVersion "1"]
[SourceVersionDate "2011.11.24"]
[SourceQuality "1"]

1. d4 d5 2. c4 c6 3. Nc3 e6 4. Nf3 Bd6 5. e4 Ne7 6. c5 Bc7 7. Bd3 b6 8. b4 bxc5 9. bxc5 Ba6 10. Bxa6 Nxa6 11. 0-0 0-0 12. e5 f6 13. exf6 Rxf6 14. Bg5 Rg6 15. Qa4 Nb8 16. Ne2 Qf8 17. Ng3 Nf5 18. Be3 Nxe3 19. fxe3 Bxg3 20. hxg3 Rxg3 21. Qa5 Qe7 22. Rf2 a6 23. Rb1 h5 24. Rfb2 Nd7 25. Qc7 h4 26. Rb8+ Rxb8 27. Rxb8+ Kh7 28. Rb7 Rxf3 29. gxf3 Qg5+ 30. Kf2 Nf6 31. Qf4 Qxf4 32. exf4 Ne8 33. Re7 e5 34. fxe5 1-0

[Event "Fermo Province-ch"]
[Site "Porto Sant Elpidio"]
[Date "2011.01.22"]
[Round "1"]
[White "Fornelli, Marco"]
[Black "Guglielmi, Dante"]
[Result "0-1"]
[WhiteElo "1609"]
[BlackElo "1911"]
[PlyCount "58"]
[EventDate "2011.01.22"]
[EventType "swiss"]
[EventRounds "6"]
[EventCountry "ITA"]
[SourceTitle "EXT 2012"]
[Source "ChessBase"]
[SourceDate "2011.11.24"]
[SourceVersion "1"]
[SourceVersionDate "2011.11.24"]
[SourceQuality "1"]

1. d4 d5 2. Nf3 Nf6 3. e3 Bf5 4. c4 e6 5. Nbd2 h6 6. b3 Be7 7. Bb2 0-0 8. cxd5 exd5 9. Be2 Nbd7 10. 0-0 Ne4 11. Nxe4 Bxe4 12. Nd2 Bg6 13. a3 Nf6 14. f3 Re8 15. Re1 Bd6 16. Bf1 Re6 17. Bc1 Qe7 18. Nb1 c5 19. Bd3 Bxd3 20. Qxd3 cxd4 21. Qxd4 Be5 22. Qd3 Bxa1 23. Bd2 Rc8 24. Bb4 Qc7 25. Nd2 Be5 26. a4 Bxh2+ 27. Kh1 Bd6 28. Bxd6 Rxd6 29. e4 dxe4 0-1

[Event "Porto San Giorgio Weekend-B 13th"]
[Site "Porto San Giorgio"]
[Date "2010.11.27"]
[Round "4"]
[White "Coccagna, Marcello"]
[Black "Fornelli, Marco"]
[Result "0-1"]
[WhiteElo "1487"]
[BlackElo "1648"]
[PlyCount "66"]
[EventDate "2010.11.20"]
[EventType "swiss"]
[EventRounds "6"]
[EventCountry "ITA"]
[SourceTitle "EXT 2024"]
[Source "ChessBase"]
[SourceDate "2023.10.10"]
[SourceVersion "1"]
[SourceVersionDate "2023.10.10"]
[SourceQuality "1"]

1. e4 c5 2. Nf3 d6 3. Nc3 g6 4. d4 cxd4 5. Nxd4 a6 6. g3 Nf6 7. f3 Bg7 8. Bg2 Nc6 9. Nxc6 bxc6 10. Be3 Rb8 11. Rb1 0-0 12. 0-0 Qc7 13. Qd2 Rd8 14. Rfd1 e5 15. Bg5 Be6 16. b3 d5 17. exd5 cxd5 18. f4 e4 19. f5 Bxf5 20. Bf4 Qa7+ 21. Kh1 Rbc8 22. Be5 Ng4 23. Bxg7 Kxg7 24. Rf1 Nf6 25. Qf4 Rxc3 26. Rbc1 d4 27. Qe5 Qc5 28. Qxc5 Rxc5 29. Rfd1 d3 30. c4 Ng4 31. Rd2 e3 32. Rb2 d2 33. Rd1 Nf2+ 0-1

[Event "Fermo Provinciale-ch FM"]
[Site "Porto San Giorgio"]
[Date "2010.01.31"]
[Round "6"]
[White "Mircoli, Filippo"]
[Black "Fornelli, Marco"]
[Result "1-0"]
[WhiteElo "1729"]
[BlackElo "1371"]
[PlyCount "51"]
[EventDate "2010.01.23"]
[EventType "swiss"]
[EventRounds "6"]
[EventCountry "ITA"]
[SourceTitle "EXT 2024"]
[Source "ChessBase"]
[SourceDate "2023.10.10"]
[SourceVersion "1"]
[SourceVersionDate "2023.10.10"]
[SourceQuality "1"]

1. e4 c5 2. Nf3 d6 3. d4 cxd4 4. Nxd4 Nf6 5. Nc3 a6 6. f4 Nc6 7. Be3 e6 8. Be2 Be7 9. 0-0 0-0 10. Qe1 Bd7 11. Rd1 Rc8 12. Bf3 Ne8 13. Nce2 Nc7 14. Nxc6 Bxc6 15. Nd4 Bd7 16. f5 e5 17. Ne2 Bc6 18. Nc3 Re8 19. Qg3 Bh4 20. Qg4 f6 21. Qxh4 Re7 22. Bb6 Qd7 23. Be2 Nb5 24. Bc4+ d5 25. Nxd5 Bxd5 26. Bxd5+ 1-0